Normal view
MARC view
Entry Términos de género/forma
001 - NÚMERO DE CONTROL
- campo de control: 30108
003 - IDENTIFICADOR DEL NÚMERO DE CONTROL
- campo de control: FranzMayer
005 - FECHA Y HORA DE LA ÚLTIMA TRANSACCIÓN
- campo de control: 20260218123936.0
008 - DATOS DE LONGITUD FIJA
- campo de control de longitud fija: 260218|| aca||aabn | a|a d
040 ## - FUENTE DE LA CATALOGACIÓN
- Centro catalogador/agencia de origen: FranzMayer
- Centro/agencia transcriptor: FranzMayer
155 ## - ENCABEZAMIENTO--TÉRMINO DE GÉNERO/FORMA
- Término de género/forma: Illumination of books and manuscripts, Gothic
- Subdivisión general: Themes, motifs
- Subdivisión geográfica: Spain
- Subdivisión geográfica: Castile
670 ## - FUENTE DE DATOS ENCONTRADOS
- Cita de la fuente: Work cat.: (FranzMayer)11100: [Ejecutoria de hidalguía]. Emitida a solicitud de Juan Alonso de Spinola, vecino de Valdepeñas (Jaén), 1545